000 00325 a2200133 4500
005 20250403093911.0
020 _a7121-1910-8
082 _a519 HAR
100 _aHARPER, W . M.
245 _aStatistics
260 _aLondon,
_bMcDonald,
_c1965.
300 _axv, 293p.: ill.; figure, table
_bindex
_c18cm
942 _2ddc
_cBKS
999 _c1056
_d1056